00488cam a2200193 a 4500001000800000005001700008008004100025010001700066020001500083040001800098041000800116043001200124080001600136082002000152100000700172101000800179245007700187504003000264147699420171221091900.0870325s1988 ilu b 001 0 eng  a 87009934  a039805357X aDLCcDLCdDLC aeng an-us--- a378.125 GUS00a378.125 GUS2191 a46 aEDU10aImproving student learning in college classrooms /cby Thomas R. Guskey. aBibliography: p. 137-148.